00705nam a22002297a 450000500170000001000130001702000100003003500130004003700160005304000120006908200110008110000270009224500340011926000380015327000530019130000240024465000310026865000190029994200200031899900190033895201180035720170124110103.0 aA-687984 c00.00 aA-687984 bCen Lib/Ret aDPLbEN aNbCON aConrad, Joseph 927629 aLord jim /cby Joseph Conrad  bUBS publishers c1994aNew Delhi  bNew Delhi a5, ansari road, dariya ganj e110002 axi, 316p.c16cm(Hb) aEnglish literature 927630 aNovels 913976 2ddccENhNmCON c129868d129868 00104070aLbLd2015-07-07eCen Lib/Retg0.00l0oN CONpA-687984r2015-07-07 00:00:00t1v0.00w2015-07-07yEN